000 00277nam a22001337a 4500
008 170908b xxu||||| |||| 00| 0 eng d
020 _a9781880696316
041 _aeng
080 _28TH
_a91
100 _a42
101 _aGJEO
245 _aATLS
_cFILDES,J
942 _2udc
_cBK
999 _c26723
_d26723